Výhody a nevýhody vstupu do Európskej únie

Výhody a nevýhody, ktoré očakáva Slovensko od vstupu do EÚ. Nevýhody: náklady na vytvorenie spoločnej meny (ECU), rast nezamestnanosti (lacná pracovná sila), rozdielne miery ekonomického rastu jednotlivých krajín. Výhody: zaniknú problémy s výmenou národných mien a cenovou diskrimináciou.

Salvato in:
Dettagli Bibliografici
Autore principale: Hinzeller, Gabriel
Natura: Capitolo di libro
Lingua:slovacco
Soggetti:
Tags: Aggiungi Tag
Nessun Tag, puoi essere il primo ad aggiungerne!!

MARC

LEADER 00000naa a2200000 4500
001 r018368
005 20221213101219.1
041 0 |a slo 
044 |a SK 
245 1 0 |a Výhody a nevýhody vstupu do Európskej únie  |c G. Hinzeller 
520 |a Výhody a nevýhody, ktoré očakáva Slovensko od vstupu do EÚ. Nevýhody: náklady na vytvorenie spoločnej meny (ECU), rast nezamestnanosti (lacná pracovná sila), rozdielne miery ekonomického rastu jednotlivých krajín. Výhody: zaniknú problémy s výmenou národných mien a cenovou diskrimináciou. 
610 2 0 |a Európska únia 
610 2 0 |a mena 
610 2 0 |a ECU 
610 2 0 |a nezamestnanosť 
610 2 0 |a rast hospodársky 
610 2 0 |a Slovensko 
100 1 |a Hinzeller, Gabriel